Techniques of vacuum ultraviolet spectroscopy /

Saved in:
Bibliographic Details
Main Author: Samson, James A. R.
Format: Book
Language:English
Published: New York : Wiley, [1967].
Series:Wiley series in pure and applied spectroscopy
Subjects:
LEADER 00916cam a22002411 4500
001 c000189392
003 CARM
005 20051209145934.0
008 740610s1967 nyuac b 000 0 eng
019 1 |a 41358171  |5 LACONCORD2021 
035 |a (OCoLC)537717  |5 LACONCORD2021 
040 |a VCAV  |c VCAV 
082 0 0 |a 535/.845 
100 1 |a Samson, James A. R. 
245 1 0 |a Techniques of vacuum ultraviolet spectroscopy /  |c [by] James A. R. Samson. 
260 |a New York :  |b Wiley,  |c [1967]. 
300 |a x, 348 p. :  |b ill., ports. ;  |c 24 cm. 
440 0 |a Wiley series in pure and applied spectroscopy 
504 |a Includes bibliographies. 
650 0 |a Vacuum ultraviolet spectroscopy. 
852 8 |b CARM  |h A2:AK26B0  |i B05865  |p 0272181  |f BK 
999 f f |i a66f8c30-16d0-52e4-9b0c-e596ea954563  |s f58aa61f-0a94-5b2e-8cb6-3ad9c9296f8f 
952 f f |p Can circulate  |a CAVAL  |b CAVAL  |c CAVAL  |d CARM 1 Store  |e B05865  |f A2:AK26B0  |h Other scheme  |i book  |m 0272181